Tulsian's financial accounting / (Record no. 45177)

MARC details
000 -LEADER
fixed length control field 01887nam a22003257a 4500
005 - DATE AND TIME OF LATEST TRANSACTION
control field 20100910145825.0
008 - FIXED-LENGTH DATA ELEMENTS--GENERAL INFORMATION
fixed length control field 100910t xxu||||| |||| 00| 0 eng d
010 ## - LCCN (DPL NO)
LC control number ENG-101470 B-437374-378
020 ## - INTERNATIONAL STANDARD BOOK NUMBER
International Standard Book Number 9788121936088
Terms of availability 340.00
020 ## - INTERNATIONAL STANDARD BOOK NUMBER
International Standard Book Number 812193608x
Terms of availability 340.00 B-437374-378
035 ## - SYSTEM CONTROL NUMBER
System control number EN-85003
037 ## - SOURCE OF ACQUISITION
Source of stock number/acquisition DBAD/PUB
037 ## - SOURCE OF ACQUISITION
Source of stock number/acquisition Allied Pub/Ven
040 ## - CATALOGING SOURCE
Original cataloging agency dpl
Language of cataloging Eng
082 ## - DEWEY DECIMAL CLASSIFICATION NUMBER
Classification number 657.48
100 ## - MAIN ENTRY--PERSONAL NAME
Personal name Tulsian,P.C.
9 (RLIN) 19358
245 ## - TITLE STATEMENT
Title Tulsian's financial accounting /
Statement of responsibility, etc by P.C.Tulsian
260 ## - PUBLICATION, DISTRIBUTION, ETC. (IMPRINT)
Place of publication, distribution, etc New Delhi
Name of publisher, distributor, etc S.Chand
Date of publication, distribution, etc 2011
270 ## - ADDRESS
Address 7361,Ram Nagar
City New Delhi
Postal code 110055
300 ## - PHYSICAL DESCRIPTION
Extent various pagings
Dimensions 25cm (pbk)
700 ## - ADDED ENTRY--PERSONAL NAME
9 (RLIN) 19459
942 ## - ADDED ENTRY ELEMENTS (KOHA)
Source of classification or shelving scheme Dewey Decimal Classification
Item type English Books
Call number suffix TUL
Classification part 657.48
Holdings
Withdrawn status Lost status Source of classification or shelving scheme Damaged status Not for loan Collection code Home library Current library Date acquired Source of acquisition Cost, normal purchase price Total Checkouts Full call number Barcode Date last seen Copy number Cost, replacement price Koha item type Public note Total Renewals
    Dewey Decimal Classification     Non-fiction Central Library Central Library 23/06/2011 Allied /3019/31.3.11/75/4.3.11/31.3.11 340.00   657.48 TUL B-437374 23/06/2011 1 340.00 English Books Legal Case Register No. 28  
    Dewey Decimal Classification   Not For Loan Non-fiction D.B.Act.Division D.B.Act.Division 10/09/2010 DBAD/PUB 340.00   657.48 TUL EN-85003 10/09/2010 1 340.00 English Books    
    Dewey Decimal Classification     Non-fiction Karol Bagh Karol Bagh 23/06/2011 Allied /3019/31.3.11/75/4.3.11/31.3.11 340.00   657.48 TUL B-437377 23/06/2011 1 340.00 English Books    
  Written-off vide DLB M. No. 383 dt 16.05.19 Dewey Decimal Classification     Non-fiction Patel Nagar Patel Nagar 23/06/2011 Allied /3019/31.3.11/75/4.3.11/31.3.11 340.00   657.48 TUL B-437375 23/06/2011 1 340.00 English Books    
  Written-off vide DLB M. No. 383 dt 16.05.19 Dewey Decimal Classification     Non-fiction Sarojini Nagar Sarojini Nagar 23/06/2011 Allied /3019/31.3.11/75/4.3.11/31.3.11 340.00   657.48 TUL B-437376 23/06/2011 1 340.00 English Books    
    Dewey Decimal Classification     Non-fiction Shahdara Branch Shahdara Branch 23/06/2011 Allied /3019/31.3.11/75/4.3.11/31.3.11 340.00 18 657.48 TUL B-437378 29/03/2022 1 340.00 English Books   12

© Delhi Public Library
Hit Counter
free hit counter